Manual of medicine

Bibliographic Details
Main Author: Panda, U.N
Format: Book
Published: New Delhi : A.I.T.B.S. Publishers , 2009
Edition:2nd ed
Subjects:

MARC

LEADER 00000cam a2200000 7i4500
001 0000038981
005 20131204.0
008 131204
020 |a 8174731725 
090 0 0 |a 616   |b PAN 
100 1 |a Panda, U.N 
245 1 0 |a Manual of medicine   |c U.N. Panda 
250 |a 2nd ed 
260 |a New Delhi :   |b A.I.T.B.S. Publishers ,   |c 2009 
650 0 |a Medicine 
999 |a 0001257141   |b Book   |c Adult Collection   |e Perbadanan Perpustakaan Awam Johor